Statistics for Most Popular Brands of Sports Clothing

Click here to take the quiz!

General Stats

  • This quiz has been taken 105 times
    (74 since last reset)
  • The average score is 4 of 8

Answer Stats

BrandAnswer% Correct
Greek GodNike
100%
European's Commonly Thought To Wear ThisAdidas
90%
Based off of a catPuma
87%
Steph Curry's SponsorUnder Armour
67%
The younger audience is catching onNew Balance
39%
Their popularity went away quickReebok
39%
Mainly Baseball BrandEaston
9%
Cheaper/ More AffordableStarter
1%

Score Distribution

Percentile by Number Answered

Percent of People with Each Score

Your Score History

You have not taken this quiz since the last reset